000 00569nam a22001697a 4500
999 _c5587
_d5587
003 GBCCL
005 20241126110545.0
008 180327b ||||| |||| 00| 0 eng d
040 _cGBC
082 _a232.095
_bJES
245 2 _aJesus Christ with people in Asia :
_breport of the Asian Consultation in Singapore, July 5-11, 1982 on the theme Jesus Christ--the life of the world.
260 _bStamford Press,
_aSingapore :
_c[1984?]
650 _aJesus Christ.
_95883
650 _aChristianity -- Asia.
_910083
650 _aChristianity.
_9479
942 _2ddc
_cBK
_01